000 01226njm a2200313Ia 4500
001 21024
003 IT-RoPAU
005 20220918181112.0
008 131025s9999 xx 000 0 und d
040 _aIT-RoPAU
040 _cIT-RoPAU
999 _c99107
_d99107
999 _bn.d.
100 _aAA.VV.
_9794
100 _eAutore musica
_94501
100 _gCodice autore musica SPICS: 12000
_9796
245 _aBiennale musica 1982: numero e suono (3)
250 _a1a ed.
260 _aROMA
260 _bSPICS RECORDS
_c1982 [1a Ed.:1982]
300 _aMUSICASSETTA
500 _aIn collegamento diretto con il Teatro Malibran in Venezia. Musica strumentale.
505 _aAm Himmel Wandre Ich... per mezzosoprano e tenore - Trans, per orchestra e nastro magnetico
511 _aOrchestra Sinfonica di Milano della Rai
511 _aOrchestra Sinfonica di Radio Stoccarda
650 _aSTRUMENTALE [CASSETTE]
_eCodice MATERIA SPICS: 9951
_91218
700 _aPetazzi Paolo
_eAutore testo
_gCodice autore testo SPICS: 11572
_94502
700 _aStockhausen Karlheinz
_eCodice autore musica SPICS: 989
_4Autore musica
_dAm Himmel Wandre Ich... per mezzosoprano e tenore - Trans, per orchestra e nastro magnetico
_94503
942 _cMC
_2ddc